00534nam a2200157 4500001000700000003000900007005001700016007000300033008004100036245004800077260004500125300002900170852003200199999001900231952012600250107771ES-MaACL20230906184504.0t|061121s1960 sp r ||||1| spa d00aMotores diesel y elementos de electricidad. aPalma : b[s.n], c1960 (fImp. Bristol) a86 p. : bil. ; c22 cm. aES-MaACLjC-19177 bR.47156 c107771d107771 00104070aATENEOMbATENEOMcGaleríad2008-01-17eSCl0oC-19177p1112474r2023-02-23 00:00:00w2023-02-23yMONOGRAFIA